[Event "Titled Tuesday intern op 07th Jan Early"]
[Site "Chess.com INT"]
[Date "2025.01.07"]
[Round "10"]
[White "Akobian, Varuzhan"]
[Black "Arslanov, Shamil"]
[Result "0-1"]
[WhiteElo "2564"]
[BlackElo "2410"]
[PlyCount "84"]
[EventDate "2025.01.07"]
[EventType "swiss (blitz)"]
[EventRounds "11"]
[EventCountry "USA"]
[SourceTitle "CB03_2025"]
[SourceDate "2025.01.15"]
[SourceVersion "1"]
[SourceVersionDate "2025.01.15"]
[SourceQuality "1"]

1. d4 d5 2. c4 c6 3. cxd5 cxd5 4. Nf3 Nf6 5. Nc3 g6 6. Bf4 Bg7 7. e3 0-0 8. Bd3 Nc6 9. h3 Bf5 10. Bxf5 gxf5 11. Qd3 Qd7 12. g4 Ne4 13. gxf5 Qxf5 14. a3 Rac8 15. Rg1 Kh8 16. Rc1 Bf6 17. Ke2 e6 18. Rg4 Ne7 19. Nd2 Ng6 20. Rcg1 Nxc3+ 21. bxc3 Qh5 22. Ke1 Rc6 23. Bg5 Bxg5 24. Rxg5 Qxh3 25. Ke2 Rfc8 26. Nb1 Rb6 27. Qc2 Qh4 28. R5g4 Qh5 29. Ke1 Rbc6 30. Qd3 a6 31. Kf1 Qh3+ 32. Ke1 b5 33. Qf1 Qh5 34. Qg2 Qh6 35. Rh1 Qg7 36. Qh3 a5 37. Rg5 b4 38. axb4 axb4 39. Kd1 bxc3 40. Kc2 Rb6 41. Rh5 Nf8 42. Nxc3 Rbc6 0-1

[Event "Titled Tuesday intern op 07th Jan Early"]
[Site "Chess.com INT"]
[Date "2025.01.07"]
[Round "1"]
[White "Gostev, Serghei"]
[Black "Akobian, Varuzhan"]
[Result "0-1"]
[WhiteElo "2262"]
[BlackElo "2564"]
[PlyCount "96"]
[EventDate "2025.01.07"]
[EventType "swiss (blitz)"]
[EventRounds "11"]
[EventCountry "USA"]
[SourceTitle "CB03_2025"]
[SourceDate "2025.01.15"]
[SourceVersion "1"]
[SourceVersionDate "2025.01.15"]
[SourceQuality "1"]

1. c4 e6 2. Nc3 d5 3. cxd5 exd5 4. d4 c5 5. Nf3 Nc6 6. g3 c4 7. Bg2 Bb4 8. 0-0 Nge7 9. a3 Bxc3 10. bxc3 0-0 11. Re1 h6 12. Ne5 Be6 13. e4 Nxe5 14. dxe5 Qa5 15. exd5 Bxd5 16. Qc2 Bxg2 17. Kxg2 Qd5+ 18. Qe4 Rfd8 19. h4 Rac8 20. Bf4 b5 21. Kh2 Qxe4 22. Rxe4 Nd5 23. Bd2 a6 24. a4 Nb6 25. Be3 Nxa4 26. Bd4 Rc6 27. f4 Rd5 28. Kg2 h5 29. f5 Nc5 30. Bxc5 Rcxc5 31. e6 fxe6 32. fxe6 Re5 33. Rxe5 Rxe5 34. Rxa6 Kf8 35. Kf3 Ke7 36. Ra7+ Kf6 37. Rb7 Kxe6 38. Rxg7 Rd5 39. Rb7 Kd6 40. Kf4 Kc6 41. Rh7 b4 42. cxb4 c3 43. Rh8 Kb5 44. Rc8 Kxb4 45. g4 Rd4+ 46. Kg5 hxg4 47. h5 g3 48. h6 g2 0-1